[Event "Detroit (MI Op/4/36)"]
[Site "?"]
[Date "1992.??.??"]
[Round "?"]
[White "Bee, A."]
[Black "Grossman, Jay"]
[Result "1-0"]
[WhiteElo "1930"]
[BlackElo "1850"]
[PlyCount "75"]
[EventDate "1992.??.??"]

{4/(36)} 1. d4 Nf6 2. Nf3 d6 3. e3 g6 4. g3 Bg7 5. Bg2 O-O 6. O-O c5 7. c3 Nbd7
8. Nbd2 Rb8 9. Re1 b5 10. e4 a5 11. b3 Nb6 12. Nf1 c4 13. Qc2 Qc7 14. Bd2 Bb7
15. Ng5 Rfc8 16. Ne3 h6 17. Nh3 e5 18. dxe5 dxe5 19. f3 Rd8 20. Nf2 Bc8 21.
Rad1 Be6 22. Bh3 Bxh3 23. Nxh3 Rd6 24. Bc1 Rbd8 25. Nf2 Bf8 26. Neg4 Nxg4 27.
Nxg4 h5 28. Nf2 Qc5 29. Be3 Qc6 30. g4 hxg4 31. Nxg4 Rxd1 32. Rxd1 Rxd1+ 33.
Qxd1 Nd7 34. Qxd7 Qxd7 35. Nf6+ Kg7 36. Nxd7 Bd6 37. bxc4 bxc4 38. Nb6 1-0

[Event "Detroit (MI Op/2/42)"]
[Site "?"]
[Date "1992.??.??"]
[Round "?"]
[White "Bee, A."]
[Black "Anderson, JA."]
[Result "1/2-1/2"]
[WhiteElo "1930"]
[BlackElo "1810"]
[PlyCount "108"]
[EventDate "1992.??.??"]

{2/(42)} 1. d4 Nf6 2. Nf3 g6 3. g3 Bg7 4. Bg2 O-O 5. O-O d5 6. Nbd2 Nc6 7. c3
Bf5 8. Re1 Qd7 9. Nb3 Ne4 10. Nfd2 Ng5 11. e4 dxe4 12. Nc5 Qc8 13. Ncxe4 Nh3+
14. Kf1 b6 15. Nc4 Qa6 16. Qe2 Rad8 17. g4 Nxd4 18. cxd4 Bxe4 19. Bxe4 Bxd4 20.
Be3 Bf6 21. Kg2 Ng5 22. Bxg5 Bxg5 23. Ne3 Qa5 24. Red1 e6 25. Bc6 Qe5 26. Qb5
Qf6 27. Nf1 Bf4 28. Ng3 Be5 29. Rab1 a5 30. b3 Qf4 31. Qe2 Bg7 32. Qe4 Qf6 33.
Qf3 Qe7 34. a4 Qb4 35. Bb5 Bd4 36. Bc4 Qe7 37. Rd3 c5 38. Ne2 e5 39. Ng3 Kg7
40. Ne2 Rd6 41. Nxd4 exd4 42. Kf1 Qc7 43. Re1 Rf6 44. Qg3 Qd7 45. f3 Rd6 46.
Re4 Qd8 47. Kg2 Qd7 48. h3 f5 49. Rf4 Rdf6 50. gxf5 Rxf5 51. Rxf5 Rxf5 52. Rd1
Qd8 53. Kh2 Rg5 54. Qf4 Rf5 1/2-1/2

[Event "Detroit (MI Op/5/6)"]
[Site "?"]
[Date "1992.??.??"]
[Round "?"]
[White "Baze, Lineas"]
[Black "Strugach, L."]
[Result "0-1"]
[WhiteElo "2070"]
[BlackElo "2400"]
[PlyCount "112"]
[EventDate "1992.??.??"]

{5/(6)} 1. e4 c5 2. Nf3 Nc6 3. d4 cxd4 4. Nxd4 Nf6 5. Nc3 d6 6. Bg5 e6 7. Qd2
h6 8. Bxf6 gxf6 9. O-O-O a6 10. f4 h5 11. Kb1 Bd7 12. g3 Qc7 13. Bg2 O-O-O 14.
Bf3 h4 15. f5 Ne5 16. Be2 Kb8 17. Rdf1 Rc8 18. fxe6 fxe6 19. gxh4 Bh6 20. Qd1
Qb6 21. Nb3 Rhf8 22. Qd4 Be3 23. Qxb6 Bxb6 24. Rd1 Kc7 25. Rhf1 Be3 26. a4 Rf7
27. Na5 Bc5 28. Nb3 Ba7 29. h5 Rg8 30. Rf4 Be3 31. Rh4 f5 32. exf5 Rxf5 33. h6
Rh8 34. h7 Rf7 35. Bd3 Bf2 36. Rh3 Nxd3 37. Rhxd3 d5 38. Rf1 Rhxh7 39. Rd2 Be3
40. Rxf7 Rxf7 41. Rd3 Rf1+ 42. Ka2 Bf4 43. h3 b6 44. a5 bxa5 45. Nxa5 Be8 46.
Ne2 Bd6 47. Rc3+ Kb6 48. Nb3 e5 49. Rc8 Bb5 50. Nc3 Bc4 51. Rd8 Kc7 52. Rh8 e4
53. Rh7+ Kc6 54. h4 e3 55. h5 d4 56. Ne2 Rd1 0-1

[Event "Detroit (MI Op/6/19)"]
[Site "?"]
[Date "1992.??.??"]
[Round "?"]
[White "Baze, Lineas"]
[Black "Smith, Mike A"]
[Result "1-0"]
[WhiteElo "2070"]
[BlackElo "1815"]
[PlyCount "56"]
[EventDate "1992.??.??"]

{6/(19)} 1. e4 c5 2. Nf3 d6 3. d4 cxd4 4. Nxd4 Nf6 5. Nc3 a6 6. Bg5 e6 7. f4
Be7 8. Qf3 Qc7 9. O-O-O b5 10. g4 Bb7 11. Bxf6 Bxf6 12. g5 Bxd4 13. Rxd4 Nc6
14. Rd2 b4 15. Ne2 a5 16. Bg2 a4 17. Kb1 O-O 18. f5 Ne5 19. Qh3 exf5 20. exf5
Bxg2 21. Qxg2 Rfc8 22. Nd4 Qc5 23. f6 a3 24. Nf5 axb2 25. Ne7+ Kf8 26. Qd5 Qa7
27. Nxc8 Qa6 28. Qxd6+ Kg8 1-0

[Event "Detroit (MI Action/4)"]
[Site "?"]
[Date "1992.??.??"]
[Round "?"]
[White "Baze, Lineas"]
[Black "Roberts, Kenneth"]
[Result "1-0"]
[WhiteElo "2100"]
[BlackElo "1770"]
[PlyCount "55"]
[EventDate "1992.??.??"]

1. e4 e6 2. d4 d5 3. Nc3 Nf6 4. Bg5 Be7 5. e5 Nfd7 6. Bxe7 Qxe7 7. f4 a6 8. Nf3
c5 9. Be2 O-O 10. O-O cxd4 11. Nxd4 Nc6 12. Nxc6 bxc6 13. Bd3 f5 14. Ne2 c5 15.
c3 Bb7 16. Kh1 Qf7 17. Ng1 Kh8 18. Nf3 Rg8 19. Ng5 Qg6 20. Be2 Qe8 21. Rf3 g6
22. Rh3 Rg7 23. Rh6 Qe7 24. h4 c4 25. Qd2 Kg8 26. h5 Nf8 27. hxg6 Rxg6 28. Rh3
1-0

[Event "Detroit (MI Op/1a/22)"]
[Site "?"]
[Date "1992.??.??"]
[Round "?"]
[White "Baze, Lineas"]
[Black "LeBlanc, R."]
[Result "1-0"]
[WhiteElo "2070"]
[BlackElo "1815"]
[PlyCount "59"]
[EventDate "1992.??.??"]

1. e4 e5 2. Nf3 Nc6 3. Bc4 Nf6 4. d4 Nxe4 5. dxe5 Bc5 6. Qd5 Bxf2+ 7. Ke2 Qe7
8. Qxe4 Qc5 9. Qd5 O-O 10. Qxc5 Bxc5 11. Bf4 Re8 12. Re1 d6 13. Kf1 dxe5 14.
Nxe5 Nxe5 15. Bxe5 c6 16. Nd2 Bf5 17. Bb3 Rad8 18. Nf3 h6 19. Rad1 Bg4 20. Rxd8
Rxd8 21. Bc3 Kf8 22. Ne5 Bh5 23. g4 Bg6 24. Nxg6+ fxg6 25. Kg2 Rd7 26. a3 a6
27. Be6 Re7 28. Bc4 Rd7 29. Bd3 g5 30. Bg6 1-0

[Event "Detroit (MI Action/2)"]
[Site "?"]
[Date "1992.??.??"]
[Round "?"]
[White "Baze, Lineas"]
[Black "Grams, Paul"]
[Result "1-0"]
[WhiteElo "2100"]
[BlackElo "1800"]
[PlyCount "53"]
[EventDate "1992.??.??"]

1. e4 c5 2. d4 cxd4 3. c3 dxc3 4. Nxc3 Nc6 5. Nf3 d6 6. Bc4 Bg4 7. Bxf7+ Kxf7
8. Ng5+ Ke8 9. Qxg4 Nh6 10. Qd1 Qd7 11. O-O g6 12. Bf4 Bg7 13. Qd2 Nf7 14. Nxf7
Kxf7 15. Nb5 Rhf8 16. Qd5+ Ke8 17. Bg3 Bxb2 18. Rab1 Bg7 19. Bxd6 Rd8 20. Nc7+
Qxc7 21. Bxc7 Rxd5 22. exd5 Nd4 23. Rxb7 Rf5 24. d6 Nb5 25. a4 Nxd6 26. Bxd6
exd6 27. Rxg7 1-0

[Event "Detroit (MI Op/3/23)"]
[Site "?"]
[Date "1992.??.??"]
[Round "?"]
[White "Baze, Lineas"]
[Black "Brattin, Vincent"]
[Result "1-0"]
[WhiteElo "2070"]
[BlackElo "1940"]
[PlyCount "83"]
[EventDate "1992.??.??"]

{3/(23)} 1. e4 c6 2. d4 d5 3. Nc3 dxe4 4. Nxe4 Bf5 5. Ng3 Bg6 6. Nf3 h6 7. Bd3
Bxd3 8. Qxd3 e6 9. O-O Nf6 10. c4 Nbd7 11. Bd2 Bd6 12. Bc3 O-O 13. b4 Qb8 14.
a4 b6 15. Rfe1 c5 16. bxc5 bxc5 17. Rab1 Qc7 18. Rb3 Rfc8 19. Ne4 Nxe4 20. Qxe4
Nf6 21. Qh4 cxd4 22. Bxd4 Be7 23. Rc1 Qa5 24. c5 Nd5 25. Qg4 Bf6 26. Bxf6 Nxf6
27. Qc4 Nd5 28. Rb5 Qa6 29. Ne5 Nb6 30. Qf4 Qxa4 31. Qxf7+ Kh8 32. Rbb1 Qa3 33.
c6 Re8 34. Qg6 Nd5 35. Nf7+ Kg8 36. Nxh6+ Kh8 37. Nf7+ Kg8 38. Ng5 Nc3 39. Qh7+
Kf8 40. Qh8+ Ke7 41. Qxg7+ Kd6 42. Rxc3 1-0

[Event "Ann Arbor (HVA/2/1)"]
[Site "?"]
[Date "1992.??.??"]
[Round "?"]
[White "Bauerle, Paul"]
[Black "Kung, Fred"]
[Result "0-1"]
[WhiteElo "1980"]
[BlackElo "1855"]
[PlyCount "112"]
[EventDate "1992.??.??"]

{2/(1)} 1. d4 d5 2. c4 e6 3. Nc3 c5 4. cxd5 exd5 5. Nf3 Nc6 6. Bf4 Nf6 7. e3
Bd6 8. Bg3 O-O 9. Be2 Bf5 10. O-O Bxg3 11. hxg3 c4 12. b3 cxb3 13. Qxb3 Na5 14.
Qb4 Rc8 15. Ne5 Re8 16. Rac1 Re7 17. Nb5 Nc6 18. Qd6 Re6 19. Qxd8+ Rxd8 20.
Nxc6 Rxc6 21. Nxa7 Rxc1 22. Rxc1 Ra8 23. Nb5 Rxa2 24. Nd6 Rxe2 25. Nxf5 h6 26.
Rb1 Ng4 27. Ne7+ Kh7 28. Nxd5 b5 29. Nc3 Rxf2 30. Nxb5 Re2 31. d5 Nxe3 32. d6
Rxg2+ 33. Kh1 Rd2 34. Rc1 Nf5 35. Rc7 Nxg3+ 36. Kg1 Ne4 37. Rxf7 Nxd6 38. Rd7
Ne4 39. Rxd2 Nxd2 40. Nd6 Kg6 41. Ne8 Kf7 42. Nxg7 Kxg7 43. Kh2 Kg6 44. Kh3 Kg5
45. Kh2 Kg4 46. Kg2 Nf3 47. Kh1 Nh4 48. Kh2 h5 49. Kg1 Kh3 50. Kh1 Nf5 51. Kg1
Ng3 52. Kf2 Kh2 53. Kf3 h4 54. Kf2 h3 55. Kf3 Kg1 56. Kxg3 h2 0-1

[Event "Ann Arbor (HVA/4)"]
[Site "?"]
[Date "1992.??.??"]
[Round "?"]
[White "Bauerle, Paul"]
[Black "Gregory, Kevin"]
[Result "1-0"]
[WhiteElo "1980"]
[BlackElo "1700"]
[PlyCount "87"]
[EventDate "1992.??.??"]

1. d4 d5 2. c4 e6 3. Nc3 f5 4. Nf3 Bd6 5. Bg5 Nf6 6. cxd5 h6 7. Bxf6 Qxf6 8. e3
O-O 9. Bc4 Bb4 10. Rc1 Kh8 11. Qb3 exd5 12. Bxd5 Bxc3+ 13. Rxc3 c6 14. Bc4 Nd7
15. O-O Re8 16. Re1 Nb6 17. Bf7 Be6 18. Bxe6 Qxe6 19. Ne5 Qxb3 20. Rxb3 Kg8 21.
f4 Kf8 22. Rc1 Rab8 23. a4 Ke7 24. a5 Nd7 25. Nxd7 Kxd7 26. Rc5 g6 27. Kf2 b6
28. axb6 Rxb6 29. Rcc3 Reb8 30. Rxb6 Rxb6 31. b3 Ra6 32. Rc4 Kd6 33. Ra4 Rxa4
34. bxa4 c5 35. Ke2 Kd5 36. Kd3 g5 37. g3 g4 38. a5 a6 39. Kc3 Kc6 40. Kc4 cxd4
41. exd4 Kc7 42. Kd5 Kd7 43. Ke5 Kc6 44. Ke6 1-0

[Event "Detroit (MI Op/7/3)"]
[Site "?"]
[Date "1992.??.??"]
[Round "?"]
[White "Basin, Leonid"]
[Black "Strugach, A."]
[Result "1-0"]
[WhiteElo "2470"]
[BlackElo "2100"]
[PlyCount "99"]
[EventDate "1992.??.??"]

{7/(3)} 1. d4 Nf6 2. c4 e6 3. g3 d5 4. Nf3 Be7 5. Bg2 O-O 6. O-O Nbd7 7. Qc2 c6
8. Bf4 Re8 9. Nbd2 Nf8 10. Rad1 Ng6 11. Bg5 Nd7 12. Bxe7 Qxe7 13. e4 dxe4 14.
Nxe4 Nf6 15. Rfe1 Nxe4 16. Qxe4 Qb4 17. Qc2 Bd7 18. c5 Qa5 19. h4 Qc7 20. h5
Nf8 21. Ne5 f6 22. Nc4 Red8 23. Qe2 Be8 24. Nd6 f5 25. Bf3 Rxd6 26. cxd6 Qxd6
27. Qe5 Rd8 28. Qxd6 Rxd6 29. d5 cxd5 30. Bxd5 Bxh5 31. Bf3 Rxd1 32. Bxd1 Be8
33. Bf3 Kf7 34. Rc1 b6 35. Rc7+ Kf6 36. Rxa7 Ng6 37. Rb7 Ne5 38. Be2 h5 39.
Rxb6 g5 40. b3 h4 41. gxh4 gxh4 42. a4 Bc6 43. f4 Nf3+ 44. Bxf3 Bxf3 45. a5 Kg6
46. a6 Kh5 47. a7 Kg4 48. Kh2 Kxf4 49. Rxe6 Kg4 50. Re8 1-0

[Event "Detroit (Pan Am/6)"]
[Site "?"]
[Date "1992.??.??"]
[Round "?"]
[White "Basin, Leonid"]
[Black "Rajlich, Vasik"]
[Result "1-0"]
[WhiteElo "2485"]
[BlackElo "2080"]
[PlyCount "52"]
[EventDate "1992.??.??"]

1. d4 d5 2. Nf3 Nf6 3. c4 e6 4. Bg5 h6 5. Bh4 Bb4+ 6. Nc3 g5 7. Bg3 dxc4 8. a3
Bxc3+ 9. bxc3 Bd7 10. e3 b5 11. Be2 Ne4 12. Qc2 Nxg3 13. hxg3 Kf8 14. a4 c6 15.
Ne5 a6 16. axb5 cxb5 17. Qe4 Ra7 18. Qf3 f5 19. Ng6+ Kg7 20. Nxh8 Qxh8 21. g4
Nc6 22. gxf5 exf5 23. Qd5 Qe8 24. Bf3 g4 25. Be2 Qe7 26. O-O Be6 1-0

[Event "Detroit (MI Op/1a/2)"]
[Site "?"]
[Date "1992.??.??"]
[Round "?"]
[White "Basin, Leonid"]
[Black "Moody, David"]
[Result "1-0"]
[WhiteElo "2470"]
[BlackElo "2000"]
[PlyCount "49"]
[EventDate "1992.??.??"]

1. d4 Nf6 2. c4 c5 3. Nf3 cxd4 4. Nxd4 Nc6 5. Nc3 g6 6. g3 Bg7 7. Bg2 O-O 8.
O-O Nxd4 9. Qxd4 d6 10. Qd3 Ng4 11. e4 Be6 12. Nd5 Ne5 13. Qe2 Bxd5 14. cxd5
Rc8 15. Bh3 f5 16. exf5 gxf5 17. f4 Ng4 18. Bxg4 fxg4 19. f5 Qb6+ 20. Kh1 Qc5
21. Qe6+ Kh8 22. Bg5 Bf6 23. Rfc1 Qf2 24. Bxf6+ exf6 25. Rxc8 1-0

[Event "Detroit (MI Op/5/4)"]
[Site "?"]
[Date "1992.??.??"]
[Round "?"]
[White "Basin, Leonid"]
[Black "Everett, Morgan"]
[Result "1-0"]
[WhiteElo "2470"]
[BlackElo "2120"]
[PlyCount "87"]
[EventDate "1992.??.??"]

{5/(4)} 1. d4 Nf6 2. Nf3 e6 3. g3 c5 4. Bg2 Nc6 5. O-O d5 6. c4 Be7 7. cxd5
exd5 8. Nc3 O-O 9. Bg5 cxd4 10. Nxd4 h6 11. Be3 Ne5 12. Rc1 a6 13. Qb3 Nc4 14.
Nxd5 Nxd5 15. Rxc4 Nxe3 16. Qxe3 Bg5 17. Qb3 Qd6 18. e3 Rb8 19. Rfc1 Bf6 20.
Rd1 Rd8 21. Rcc1 Qe5 22. h3 Re8 23. Qb6 Qh5 24. Qc5 Qg6 25. Qd6 Bf5 26. Rc7
Red8 27. Qb6 Be4 28. Bxe4 Qxe4 29. Qb3 Rf8 30. Qc2 Qe5 31. Nf5 Qxb2 32. Qxb2
Bxb2 33. Rb1 Be5 34. Rcxb7 Rxb7 35. Rxb7 a5 36. Ne7+ Kh7 37. Nc6 Bc3 38. Ra7
Bb4 39. Nxa5 Rc8 40. Nb3 Rc2 41. Rxf7 Rxa2 42. Nd4 Kg8 43. Rf5 g6 44. Rf4 1-0

[Event "Detroit (MI Op/3/8)"]
[Site "?"]
[Date "1992.??.??"]
[Round "?"]
[White "Basin, Leonid"]
[Black "Drkulec, Vladimir"]
[Result "1/2-1/2"]
[WhiteElo "2470"]
[BlackElo "2045"]
[PlyCount "86"]
[EventDate "1992.??.??"]

{3/(8)} 1. d4 Nf6 2. c4 c5 3. Nf3 cxd4 4. Nxd4 g6 5. Nc3 Bg7 6. g3 Nc6 7. Bg2
Nxd4 8. Qxd4 O-O 9. O-O d6 10. Qd3 Qc7 11. Bd2 Be6 12. b3 Rac8 13. Rac1 b6 14.
e4 Qd7 15. Rfe1 Bh3 16. Bh1 Ng4 17. Nd5 Ne5 18. Qe2 Nc6 19. Bc3 e5 20. Rcd1 Kh8
21. Ne3 Nd4 22. Bxd4 exd4 23. Nc2 f5 24. Nxd4 f4 25. Nb5 fxg3 26. hxg3 Rc5 27.
Nxd6 Qe6 28. f4 Bc3 29. e5 Bxe1 30. Rxe1 g5 31. b4 Rc7 32. Bd5 Qg6 33. Be4 Qg7
34. Qh5 gxf4 35. Qxh3 Qxe5 36. Rd1 fxg3 37. Qh6 Qf4 38. Qxf4 Rxf4 39. Rf1 Rxe4
40. Nxe4 Rxc4 41. Nxg3 Rxb4 42. Rf7 Ra4 43. Nh5 Kg8 1/2-1/2

[Event "Detroit (Pan Am/4)"]
[Site "?"]
[Date "1992.??.??"]
[Round "?"]
[White "Basin, Leonid"]
[Black "Avery, Robert W"]
[Result "1-0"]
[WhiteElo "2485"]
[BlackElo "2200"]
[PlyCount "55"]
[EventDate "1992.??.??"]

1. d4 d5 2. c4 e6 3. Nc3 Nf6 4. Nf3 Be7 5. Bg5 O-O 6. e3 b6 7. Rc1 Bb7 8. cxd5
exd5 9. Bd3 Nbd7 10. O-O Re8 11. Qc2 h6 12. Bf4 a6 13. Rcd1 c5 14. Ne5 c4 15.
Bf5 b5 16. a3 Nb6 17. Qe2 Nc8 18. f3 Nd6 19. Bb1 a5 20. g4 b4 21. Na4 bxa3 22.
Nc5 axb2 23. Qxb2 Ra7 24. Qc2 Ra8 25. h4 Kf8 26. g5 hxg5 27. hxg5 Ng8 28. Ng6+
1-0

[Event "Flint (Beg/4)"]
[Site "?"]
[Date "1992.??.??"]
[Round "?"]
[White "Basile, R."]
[Black "Maralason, D."]
[Result "1-0"]
[WhiteElo "1605"]
[BlackElo "1605"]
[PlyCount "47"]
[EventDate "1992.??.??"]

1. d4 Nf6 2. c4 d5 3. Nc3 e6 4. Nf3 Be7 5. Bf4 a6 6. e3 O-O 7. Bd3 Kh8 8. Qc2
g6 9. h3 Bd6 10. Bg5 dxc4 11. Bxc4 Bb4 12. a3 Bxc3+ 13. bxc3 b5 14. Bd3 Bb7 15.
h4 Qd5 16. Bxf6+ Kg8 17. e4 Qh5 18. Ne5 Nc6 19. g4 Qh6 20. g5 Qh5 21. Be2 Qxe2+
22. Qxe2 Nd8 23. h5 Rc8 24. hxg6 1-0

[Event "Flint (Beg/1)"]
[Site "?"]
[Date "1992.??.??"]
[Round "?"]
[White "Basile, R."]
[Black "Kamberi, Sonny"]
[Result "0-1"]
[WhiteElo "1605"]
[BlackElo "1605"]
[PlyCount "50"]
[EventDate "1992.??.??"]

1. d4 Nf6 2. c4 g6 3. Nc3 Bg7 4. Nf3 O-O 5. e4 d6 6. h3 Nbd7 7. Bg5 e5 8. d5 h6
9. Be3 Nh7 10. Qd2 g5 11. h4 g4 12. Ng1 h5 13. f3 Ndf6 14. Be2 Ne8 15. fxg4
hxg4 16. O-O-O f5 17. g3 Nef6 18. Bd3 Nh5 19. Nge2 Nxg3 20. Nxg3 f4 21. Bf2
fxg3 22. Bxg3 Rf6 23. Rhg1 Bh6 24. Bf4 Bxf4 25. Rxg4+ Bxg4 0-1

[Event "Flint (Beg/5)"]
[Site "?"]
[Date "1992.??.??"]
[Round "?"]
[White "Basile, R."]
[Black "Juska, K."]
[Result "0-1"]
[WhiteElo "1605"]
[BlackElo "1605"]
[PlyCount "68"]
[EventDate "1992.??.??"]

1. d4 Nf6 2. c4 e6 3. Nc3 Bb4 4. Bd2 Bxc3 5. Bxc3 d5 6. Nf3 Nc6 7. e3 Ne4 8.
Rc1 Nxc3 9. Rxc3 O-O 10. a3 a5 11. Qc2 Bd7 12. Bd3 g6 13. cxd5 exd5 14. h4 Re8
15. Ng5 Nxd4 16. Qb1 Ne6 17. Nxh7 Kxh7 18. h5 Kg7 19. hxg6 Rh8 20. Rh7+ Rxh7
21. gxh7 Qh4 22. Ke2 c6 23. Bf5 Nf8 24. Bxd7 Nxd7 25. Qf5 Nf6 26. Qe5 Qh5+ 27.
Qxh5 Nxh5 28. e4 Kxh7 29. Rh3 Kg6 30. Ke3 Re8 31. f3 f5 32. Rh4 Nf6 33. Kf4
dxe4 34. fxe4 Rxe4+ 0-1

[Event "Detroit (MI Action/4)"]
[Site "?"]
[Date "1992.??.??"]
[Round "?"]
[White "Bascomb, A."]
[Black "Hill, Brent"]
[Result "1-0"]
[WhiteElo "1605"]
[BlackElo "1605"]
[PlyCount "52"]
[EventDate "1992.??.??"]

1. e4 c5 2. Nc3 e6 3. Nf3 d5 4. exd5 exd5 5. Be2 Nf6 6. d4 Be7 7. Bf4 O-O 8.
O-O Nc6 9. a3 Ne4 10. Nxe4 dxe4 11. d5 exf3 12. dxc6 fxe2 13. Qxe2 bxc6 14.
Rad1 Bd7 15. Rd3 c4 16. Re3 Bc5 17. Rg3 Qh4 18. Qe4 Bd6 19. Rxg7+ Kh8 20. Qd4
Qxf4 21. Rg4+ Qxd4 22. Rxd4 Be5 23. Rxd7 Bxb2 24. a4 a5 25. Rb1 Rae8 26. g3 Bg7
1-0

[Event "Detroit (MI Action/2)"]
[Site "?"]
[Date "1992.??.??"]
[Round "?"]
[White "Bascomb, A."]
[Black "Davis, C."]
[Result "1-0"]
[WhiteElo "1605"]
[BlackElo "1605"]
[PlyCount "33"]
[EventDate "1992.??.??"]

1. e4 e5 2. Nf3 Nf6 3. Nc3 Nc6 4. d4 d5 5. dxe5 dxe4 6. exf6 exf3 7. Qxf3 Qxf6
8. Nd5 Nd4 9. Nxf6+ gxf6 10. Qe4+ Be7 11. Qxd4 b6 12. Bb5+ c6 13. Bxc6+ Kf8 14.
Bh6+ Kg8 15. Bxa8 Bf8 16. Qd8 Be6 17. Qxf8# 1-0

[Event "Detroit (MI Action/6)"]
[Site "?"]
[Date "1992.??.??"]
[Round "?"]
[White "Bascomb, A."]
[Black "Black, T."]
[Result "0-1"]
[WhiteElo "1605"]
[BlackElo "1605"]
[PlyCount "108"]
[EventDate "1992.??.??"]

1. e4 e5 2. Nf3 Nc6 3. Bc4 Nf6 4. Ng5 d5 5. exd5 Nxd5 6. d3 Be7 7. Bxd5 Qxd5 8.
Nc3 Qxg2 9. Qf3 Qxf3 10. Nxf3 Bb4 11. Bd2 O-O 12. Nd5 Bxd2+ 13. Nxd2 Nd4 14.
O-O-O c6 15. Ne7+ Kh8 16. Nxc8 Raxc8 17. Rhe1 f6 18. Re3 b5 19. Nf3 c5 20. Nxd4
cxd4 21. Rg3 Rc7 22. b3 a5 23. Kb2 Rfc8 24. Rd2 Rc3 25. h4 g6 26. f3 Kg7 27.
Rdg2 R8c6 28. h5 g5 29. Rh2 h6 30. Re2 Kf7 31. Rgg2 a4 32. b4 a3+ 33. Ka1 Ra6
34. Rg1 Rac6 35. Rc1 Ke6 36. Kb1 Ra6 37. Ka1 Kf5 38. Rb1 Kf4 39. Re4+ Kf5 40.
Rb3 Rxc2 41. Kb1 Rf2 42. Re1 Rxf3 43. Rc1 g4 44. Rc5 Rb6 45. Rxa3 g3 46. Rc1 g2
47. Kb2 Rf1 48. Rxf1+ gxf1=Q 49. Ra7 Qxd3 50. Ra3 Qd2+ 51. Kb1 Rc6 52. Rf3+ Ke6
53. Rf1 Rc2 54. a3 Rb2+ 0-1

[Event "Detroit (MOR/4/65)"]
[Site "?"]
[Date "1992.??.??"]
[Round "?"]
[White "Basas, J."]
[Black "Stanulis, T."]
[Result "0-1"]
[WhiteElo "1735"]
[BlackElo "1605"]
[PlyCount "62"]
[EventDate "1992.??.??"]

{4/(65)} 1. d4 d5 2. c4 e6 3. Nc3 Nf6 4. Nf3 Be7 5. Bg5 Nbd7 6. Bf4 a6 7. e3
Ne4 8. Nxe4 dxe4 9. Nd2 f5 10. g4 Nb6 11. Rg1 g6 12. gxf5 exf5 13. Qc2 Bd7 14.
O-O-O Bd6 15. Bg5 Be7 16. Nxe4 fxe4 17. Qxe4 Rf8 18. f4 Bf5 19. Qxb7 Bxg5 20.
Rxg5 Qe7 21. Qc6+ Bd7 22. Qf3 Qxg5 23. c5 Ra7 24. cxb6 cxb6 25. Kb1 Qe7 26. Rc1
Bf5+ 27. Ka1 Rc7 28. Re1 Be4 29. Qe2 b5 30. Qd1 Rf6 31. Bd3 Rfc6 0-1

[Event "Detroit (MOR/2/60)"]
[Site "?"]
[Date "1992.??.??"]
[Round "?"]
[White "Basas, J."]
[Black "Nicolli, Randy"]
[Result "0-1"]
[WhiteElo "1735"]
[BlackElo "1605"]
[PlyCount "66"]
[EventDate "1992.??.??"]

{2/(60)} 1. d4 f5 2. c4 e6 3. Nf3 c6 4. Nc3 d5 5. e3 Nf6 6. c5 Be7 7. Ne5 O-O
8. h3 Nbd7 9. Nd3 Ne4 10. Ne2 Qe8 11. g3 Ndf6 12. f3 Ng5 13. Nef4 Bd8 14. h4
Nf7 15. Bd2 Bc7 16. Bc3 Nd7 17. Bg2 e5 18. Ne2 e4 19. fxe4 fxe4 20. Ndf4 Nf6
21. Qd2 Nh6 22. O-O-O Nfg4 23. Ng1 Nf5 24. Re1 Nxg3 25. Ngh3 Nxh1 26. Bxh1 Bd8
27. Ng5 h6 28. Nxe4 dxe4 29. Qc2 Bxh4 30. Bxe4 Nf6 31. Bg6 Qe7 32. Qb3+ Nd5 33.
Re2 Rxf4 0-1

[Event "Detroit (MOR/6/84)"]
[Site "?"]
[Date "1992.??.??"]
[Round "?"]
[White "Basas, J."]
[Black "Baker, T."]
[Result "1-0"]
[WhiteElo "1735"]
[BlackElo "1605"]
[PlyCount "47"]
[EventDate "1992.??.??"]

{6/(84)} 1. d4 Nf6 2. c4 e6 3. Nc3 Bb4 4. a3 Be7 5. e4 d6 6. Bd3 O-O 7. Nf3 Re8
8. Bf4 Bf8 9. e5 dxe5 10. dxe5 Nfd7 11. Bxh7+ Kh8 12. Ng5 Qxg5 13. Bxg5 Kxh7
14. Bf4 g6 15. h4 Bh6 16. Qf3 Bxf4 17. Qxf4 Kg7 18. h5 Nxe5 19. Qxe5+ f6 20.
Qe4 f5 21. Qe5+ Kh7 22. Qf6 g5 23. Qf7+ Kh6 24. Qg6# 1-0

[Event "Flint (Class DE/3)"]
[Site "?"]
[Date "1992.??.??"]
[Round "?"]
[White "Barker, Scott"]
[Black "Wasserman, R."]
[Result "0-1"]
[WhiteElo "1605"]
[BlackElo "1605"]
[PlyCount "114"]
[EventDate "1992.??.??"]

1. e4 c5 2. Nf3 d6 3. Nc3 Nf6 4. Bc4 e6 5. d3 a6 6. Bf4 Bd7 7. Bg5 Nc6 8. O-O
Be7 9. d4 b5 10. Be2 b4 11. Nb1 Nxe4 12. Bxe7 Qxe7 13. Nbd2 Nxd2 14. Qxd2 O-O
15. dxc5 dxc5 16. Ng5 Rfd8 17. Bd3 f5 18. Rfe1 h6 19. Nh3 Qf6 20. c3 Be8 21.
Qc2 Ne5 22. Nf4 g5 23. Nxe6 Nxd3 24. Nxd8 Nxe1 25. Qb3+ Kh7 26. Rxe1 Rxd8 27.
Re6 Qf7 28. h3 Rd1+ 29. Kh2 Qc7+ 30. g3 Bf7 31. Qxd1 Bxe6 32. a4 bxa3 33. bxa3
Qd7 34. Qxd7+ Bxd7 35. Kg2 Kg6 36. g4 fxg4 37. hxg4 Bxg4 38. f3 Bf5 39. Kg3 h5
40. Kh2 h4 41. f4 gxf4 42. c4 Bg4 43. a4 f3 44. Kg1 Kf5 45. Kf2 Kf4 46. a5 h3
47. Kg1 Ke3 48. Kh1 f2 49. Kh2 f1=Q 50. Kg3 Qf3+ 51. Kh4 Be6 52. Kg5 Qf5+ 53.
Kh6 Qg4 54. Kh7 Qg8+ 55. Kh6 Bf5 56. Kh5 Qg6+ 57. Kh4 Qg4# 0-1

[Event "Flint (Class DE/1)"]
[Site "?"]
[Date "1992.??.??"]
[Round "?"]
[White "Barker, Scott"]
[Black "Berlinger, Brian"]
[Result "1-0"]
[WhiteElo "1605"]
[BlackElo "1605"]
[PlyCount "103"]
[EventDate "1992.??.??"]

1. e4 c5 2. Nc3 Nc6 3. Bc4 d6 4. d3 g6 5. h3 Bg7 6. Bd2 Qb6 7. Qc1 Be6 8. Na4
Qc7 9. Bxe6 fxe6 10. Nf3 d5 11. Ng5 Nh6 12. Nxe6 Qe5 13. Nxg7+ Qxg7 14. Bxh6
Qf7 15. Nxc5 dxe4 16. Nxe4 Qe6 17. O-O Rg8 18. Re1 O-O-O 19. Nc3 Qf6 20. Qe3
Nd4 21. Bg5 Nxc2 22. Bxf6 Nxe3 23. Bxe7 Nc2 24. Bxd8 Rxd8 25. Rac1 Nxe1 26.
Rxe1 Rxd3 27. Re7 h5 28. Rg7 Rd7 29. Rxd7 Kxd7 30. Kf1 Kc6 31. Ke2 b5 32. b4
Kb6 33. Ke3 a5 34. bxa5+ Kxa5 35. Nxb5 Kxb5 36. Ke4 Kb4 37. f4 Ka3 38. g4 Kxa2
39. gxh5 gxh5 40. f5 Kb2 41. f6 Kc2 42. Kf4 Kd2 43. Kg5 Ke2 44. f7 Kf3 45.
f8=Q+ Kg2 46. Kxh5 Kg3 47. Qf5 Kh2 48. Qf4+ Kh1 49. Kh4 Kg2 50. Kg4 Kg1 51. Kg3
Kh1 52. Qf1# 1-0

[Event "Flint (Class DE/4)"]
[Site "?"]
[Date "1992.??.??"]
[Round "?"]
[White "Barker, Kyle"]
[Black "Shelters, Richard"]
[Result "0-1"]
[WhiteElo "1605"]
[BlackElo "1605"]
[PlyCount "73"]
[EventDate "1992.??.??"]

1. d4 d5 2. Nc3 Nf6 3. Bf4 a6 4. Nf3 Bg4 5. Ne5 Bh5 6. Rg1 e6 7. a3 Nbd7 8. g4
Bg6 9. e3 Nxe5 10. dxe5 Nd7 11. Bd3 Be7 12. Qf3 Nc5 13. Rd1 Nxd3+ 14. cxd3 c6
15. g5 Qb6 16. h4 Qxb2 17. Nb1 Qc2 18. e4 dxe4 19. dxe4 Qxe4+ 20. Qe3 Qxe3+ 21.
Bxe3 Bxb1 22. Rxb1 b5 23. Rb3 a5 24. Rg4 O-O 25. h5 Rab8 26. a4 Bb4+ 27. Bd2
Bxd2+ 28. Kxd2 Rfd8+ 29. Rd3 Rxd3+ 30. Kxd3 b4 31. Rg1 Kf8 32. Rb1 Rd8+ 33. Kc4
Rd5 34. Rc1 Ke7 35. f4 f6 36. exf6+ gxf6 37. g6 0-1

[Event "Flint (Class DE/2)"]
[Site "?"]
[Date "1992.??.??"]
[Round "?"]
[White "Barker, Kyle"]
[Black "Garfield, G."]
[Result "1-0"]
[WhiteElo "1605"]
[BlackElo "1605"]
[PlyCount "97"]
[EventDate "1992.??.??"]

1. d4 d5 2. Bf4 Nc6 3. e3 Nf6 4. c4 Bg4 5. f3 Bf5 6. Nc3 e6 7. a3 Bd6 8. Bg5 h6
9. Bh4 e5 10. Nxd5 exd4 11. exd4 g5 12. Qe2+ Be7 13. Nxf6+ Kf8 14. Bf2 Bxf6 15.
Rd1 Bxd4 16. h4 Qf6 17. Qd2 Qe6+ 18. Be2 Rd8 19. Bxd4 Nxd4 20. Qb4+ Kg7 21. Qc3
c5 22. Rd2 f6 23. g4 Bg6 24. h5 Bc2 25. Rxc2 Nxc2+ 26. Qxc2 Rhe8 27. Qg6+ Kf8
28. Qxh6+ Ke7 29. Qh7+ Kd6 30. Qxb7 Re7 31. Qa6+ Kc7 32. Qxa7+ Kc8 33. Qxc5+
Rc7 34. Qf5 Re8 35. h6 Rxc4 36. h7 Kd8 37. Qxe6 Rxe6 38. h8=Q+ Kd7 39. Rh7+ Kd6
40. Qd8+ Kc5 41. b4+ Kb5 42. Rb7+ Ka4 43. Qd1+ Kxa3 44. Qd3+ Kb2 45. Qxc4 Re5
46. Rc7 Ka1 47. Ra7+ Kb1 48. Kd1 f5 49. Qc2# 1-0